Biggest Islands A-Z - Statistics

General Stats
  • This quiz has been taken 799 times
    33 since last reset
  • The average score is 11 of 26
Answer Stats
Letter Size (km2) Continent Island % Correct
C 105,806 North America Cuba
83%
G 2,130,800 North America Greenland
83%
M 587,041 Africa Madagascar
83%
B 748,168 Asia Borneo
77%
I 101,826 Europe Iceland
73%
J 138,794 Asia Java
73%
H 225,800 Asia Honshu
70%
S 443,065 Asia Sumatra
70%
N 785,753 Oceania New Guinea
63%
T 65,022 Oceania Tasmania
60%
E 196,236 North America Ellesmere
57%
L 109,965 Asia Luzon
57%
V 217,291 North America Victoria Island
53%
K 37,437 Asia Kyushu
43%
Z 7,031 Europe Zealand
27%
D 55,247 North America Devon Island
23%
P 33,339 North America Prince of Wales Island
20%
F 14,154 Asia Flores
17%
A 49,070 Antarctica Alexander Island
13%
Q 1,488 Asia Qeshm
13%
Y 33,246 Europe Yuzhny Island
10%
W 7,866 Asia Wrangel Island
7%
O 14,204 Asia October Revolution Island
3%
R 5,110 South America Riesco Island
3%
U 4,119 North America Unimak Island
0%
X 26 Asia Xiushan Island
0%
No matching quizzes found
Score Distribution
Percent of People with Each Score
Percentile by Number Answered
Your Score History
You have not taken this quiz since the last reset